000 00852nac a22002657a 4500
001 BR4500002
003 BR-BrBNA
005 20240105112836.0
008 230509b bl.|||m| |||| 00| 0 por d
040 _aBR-BrBNA
_bpor
_cBiblioteca Nacional de Agricultura
072 _aH20; H10
090 _aH20 BR4500002
100 1 _aParseval, M. Von
110 1 _aSecretaria de Estado dos Negocios da Agricultura, Industria e Comercio, Porto Alegre, RS (Brasil)
245 1 _aElemento de fitopatologia [Doenca de planta; Praga de planta]
250 1 _a2. ed.
260 3 _aPorto Alegre, RS (Brasil):
_c1945.
300 _a123 p.
490 _aSIPA. Serie C (Brazil)
_vno. 48
_x
650 _aDoenca de planta
650 _aPraga de planta
650 _aControle quimico
909 _a202312
_bLúcia Elande
_c55
_dLúcia Elande
942 _2AGRIS
_n0
_cMS
999 _c260559
_d260559